[Event "I Juegos Mundiales Sevilla 2006"]
[Site "Sevilla ESP"]
[Date "2006.07.02"]
[Round "7.2"]
[White "Peralta, Fernando"]
[Black "Korneev, Oleg"]
[Result "0-1"]
[WhiteElo "2524"]
[BlackElo "2671"]
[PlyCount "113"]
[EventDate "2006.07.01"]
[EventType "swiss (rapid)"]
[EventRounds "9"]
[EventCountry "ESP"]
[Source "lmi"]
[SourceDate "2006.07.03"]

1. d4 d5 2. c4 e6 3. Nc3 c6 4. Nf3 Nf6 5. e3 Nbd7 6. Bd3 dxc4 7. Bxc4 b5 8. Bd3
a6 9. e4 c5 10. d5 Qc7 11. O-O Bb7 12. Bg5 c4 13. Bc2 O-O-O 14. b3 Bb4 15. Bd2
Bxc3 16. Bxc3 exd5 17. exd5 Nxd5 18. Bd4 c3 19. Re1 Rhe8 20. Be4 Nf4 21. Bxb7+
Kxb7 22. Qc2 Qc6 23. Qf5 Ne2+ 24. Kf1 Nxd4 25. Nxd4 Qd6 26. Qf3+ Kb6 27. Rxe8
Rxe8 28. Qxc3 Nc5 29. Rc1 Rd8 30. Nf5 Qd5 31. Ne3 Qd3+ 32. Qxd3 Rxd3 33. Ke2
Rd7 34. Nf5 g6 35. Ne3 f5 36. g3 a5 37. h4 Ne4 38. Rc2 b4 39. Kf3 Nc3 40. Kf4
Kb5 41. Kg5 a4 42. bxa4+ Kxa4 43. Kh6 Rc7 44. Rb2 Ne4 45. Rxb4+ Ka5 46. Rb2 Re7
47. Nc4+ Ka6 48. h5 g5 49. f3 Re6+ 50. Kxh7 Nxg3 51. h6 f4 52. Rd2 g4 53. fxg4
f3 54. Rf2 Ne4 55. Rf1 Ng5+ 56. Kg7 Re4 57. Kg6 0-1

[Event "I Juegos Mundiales Sevilla 2006"]
[Site "Sevilla ESP"]
[Date "2006.07.02"]
[Round "7.3"]
[White "Damljanovic, Branko"]
[Black "Khamrakulov, Ibragim S"]
[Result "1/2-1/2"]
[WhiteElo "2615"]
[BlackElo "2513"]
[PlyCount "169"]
[EventDate "2006.07.01"]
[EventType "swiss (rapid)"]
[EventRounds "9"]
[EventCountry "ESP"]
[Source "lmi"]
[SourceDate "2006.07.03"]

1. c4 c5 2. Nf3 Nc6 3. Nc3 g6 4. e3 Nf6 5. d4 cxd4 6. exd4 d5 7. cxd5 Nxd5 8.
Qb3 Nxc3 9. Bc4 Nd5 10. Bxd5 e6 11. Bxc6+ bxc6 12. O-O Qd5 13. Qc2 Bg7 14. Bf4
O-O 15. Rfd1 Bb7 16. b3 Rac8 17. Rac1 Rfd8 18. Qe2 Qf5 19. Be5 c5 20. Nh4 Qe4
21. Qxe4 Bxe4 22. Bxg7 Kxg7 23. dxc5 Rxc5 24. h3 Rxd1+ 25. Rxd1 Rc2 26. Rd4 Bc6
27. a3 Rb2 28. Rd6 Bb5 29. a4 Be2 30. Rd7 a6 31. Rb7 Rb1+ 32. Kh2 Bd1 33. Ra7
Rxb3 34. Rxa6 g5 35. Rd6 Bh5 36. g4 Bxg4 37. hxg4 gxh4 38. a5 Rb2 39. Kg2 Ra2
40. a6 Kg6 41. Rb6 h5 42. gxh5+ Kxh5 43. Rb7 Kg6 44. a7 Ra3 45. Rc7 f6 46. Rb7
e5 47. Re7 Kf5 48. Rf7 e4 49. Rh7 Ke5 50. Re7+ Kd5 51. Rd7+ Ke6 52. Rh7 f5 53.
Kg1 Ke5 54. Kg2 Kf6 55. Rb7 Kg5 56. Rg7+ Kf4 57. Rh7 h3+ 58. Rxh3 Rxa7 59. Rh4+
Kg5 60. Rh8 Ra2 61. Kf1 f4 62. Rg8+ Kf5 63. Ke1 Rb2 64. Rg7 f3 65. Rf7+ Ke6 66.
Rf8 Re2+ 67. Kf1 Kd5 68. Rd8+ Kc4 69. Rc8+ Kd3 70. Rd8+ Kc2 71. Ra8 Rd2 72. Kg1
Rd1+ 73. Kh2 Kd3 74. Kg3 Ke2 75. Ra2+ Kf1 76. Ra4 Re1 77. Rb4 Kg1 78. Ra4 Kf1
79. Rb4 e3 80. Kxf3 exf2 81. Rh4 Kg1 82. Rg4+ Kf1 83. Rh4 Kg1 84. Rg4+ Kf1 85.
Rh4 1/2-1/2

[Event "I Juegos Mundiales Sevilla 2006"]
[Site "Sevilla ESP"]
[Date "2006.07.02"]
[Round "7.4"]
[White "Illescas Cordoba, Miguel"]
[Black "Strikovic, Aleksa"]
[Result "1/2-1/2"]
[WhiteElo "2608"]
[BlackElo "2501"]
[PlyCount "161"]
[EventDate "2006.07.01"]
[EventType "swiss (rapid)"]
[EventRounds "9"]
[EventCountry "ESP"]
[Source "lmi"]
[SourceDate "2006.07.03"]

1. d4 d6 2. Nf3 Nf6 3. c4 g6 4. Nc3 Bg7 5. e4 O-O 6. Be2 c5 7. O-O Nc6 8. d5
Na5 9. Bg5 e5 10. Nd2 Bd7 11. a3 b6 12. b4 Nb7 13. Nb3 cxb4 14. axb4 a5 15.
bxa5 bxa5 16. Na4 Bxa4 17. Rxa4 Qd7 18. Ra3 Nxe4 19. Be3 Qc7 20. Qc2 Nec5 21.
Rb1 Rfb8 22. h4 h5 23. g3 Kh7 24. Bxh5 Bh6 25. Bxc5 Nxc5 26. Be2 Nxb3 27. Raxb3
Rxb3 28. Qxb3 Bd2 29. h5 Bb4 30. hxg6+ fxg6 31. Kg2 Kg7 32. Qf3 Rf8 33. Qg4 Qf7
34. f3 Qf5 35. Qxf5 gxf5 36. Bd3 Kf6 37. Bc2 Rc8 38. Bd3 e4 39. fxe4 fxe4 40.
Bxe4 Rxc4 41. Bd3 Rd4 42. Bb5 Rxd5 43. Bd7 Ke7 44. Ba4 Rd3 45. Bb5 Rc3 46. Rd1
Ke6 47. Rd3 Rc2+ 48. Kf3 d5 49. Ba4 Rc5 50. Bb3 Ke5 51. Re3+ Kd4 52. Ke2 Rb5
53. Ba4 Rb8 54. Bb3 Rb5 55. Ba4 Rb7 56. Bb3 Rd7 57. g4 Be7 58. Ba4 Rb7 59. Rb3
Bb4 60. Re3 Bc3 61. Kf3 Rf7+ 62. Ke2 Kc4 63. g5 d4 64. g6 Rb7 65. Rg3 Re7+ 66.
Kf3 d3 67. Rg4+ Kc5 68. Re4 Rb7 69. Ke3 d2 70. Ke2 Kd5 71. Re3 Kd4 72. Bc2 Kc4
73. Re4+ Kc5 74. Kd3 Bb4 75. Re5+ Kd6 76. Rg5 Rg7 77. Bb3 Ke7 78. Rg1 Kf6 79.
Bf7 Ke5 80. Rb1 Kf6 81. Kd4 1/2-1/2

[Event "I Juegos Mundiales Sevilla 2006"]
[Site "Sevilla ESP"]
[Date "2006.07.02"]
[Round "7.5"]
[White "Spraggett, Kevin"]
[Black "Tissir, Mohamed"]
[Result "1-0"]
[WhiteElo "2578"]
[BlackElo "2439"]
[PlyCount "99"]
[EventDate "2006.07.01"]
[EventType "swiss (rapid)"]
[EventRounds "9"]
[EventCountry "ESP"]
[Source "lmi"]
[SourceDate "2006.07.03"]

1. e4 c5 2. Nf3 e6 3. d4 cxd4 4. Nxd4 a6 5. Nc3 d6 6. Be2 Nf6 7. O-O Be7 8. f4
Qc7 9. Kh1 Nc6 10. Be3 O-O 11. Qe1 Nxd4 12. Bxd4 b5 13. a3 Bb7 14. Qg3 g6 15.
Bf3 Rae8 16. f5 e5 17. Be3 Kh8 18. fxg6 fxg6 19. Rad1 Qc4 20. Rfe1 Qe6 21. Bg5
Rf7 22. h3 Ref8 23. Rd2 Nh5 24. Bxh5 gxh5 25. Bxe7 Qxe7 26. Red1 Rf6 27. Qe3
Rg6 28. Rf2 Rfg8 29. Rdd2 Qh4 30. Rf3 Bc8 31. Rdf2 Be6 32. Rf8 Rg3 33. Rxg8+
Bxg8 34. Rf3 Rg6 35. Kh2 Qd8 36. Qd2 Qh4 37. b3 Qd8 38. Qf2 Qc7 39. Qd2 Qd8 40.
Nd1 Qh4 41. Nf2 Qe7 42. Nd1 Qh4 43. Qe3 Qd8 44. Qf2 Qa8 45. Qh4 Qc8 46. Ne3 Qe8
47. Rf5 Qc6 48. Rxh5 Qc3 49. Rg5 Rxg5 50. Qxg5 1-0

[Event "I Juegos Mundiales Sevilla 2006"]
[Site "Sevilla ESP"]
[Date "2006.07.02"]
[Round "8.1"]
[White "Kurajica, Bojan"]
[Black "Spraggett, Kevin"]
[Result "1/2-1/2"]
[WhiteElo "2548"]
[BlackElo "2578"]
[PlyCount "108"]
[EventDate "2006.07.01"]
[EventType "swiss (rapid)"]
[EventRounds "9"]
[EventCountry "ESP"]
[Source "lmi"]
[SourceDate "2006.07.03"]

1. d4 Nf6 2. Nf3 e6 3. g3 d5 4. Bg2 Be7 5. O-O O-O 6. b3 Nbd7 7. Bb2 b6 8. c4
Bb7 9. cxd5 Nxd5 10. Nbd2 c5 11. Rc1 Rc8 12. Nc4 b5 13. Nce5 N7f6 14. dxc5 Rxc5
15. Rxc5 Bxc5 16. Nd3 Be7 17. Qa1 b4 18. Rc1 Qa5 19. Nfe5 Rd8 20. Nc6 Bxc6 21.
Rxc6 Ne8 22. Rc2 Bf6 23. Rc5 Qa6 24. Bxd5 exd5 25. Kf1 Be7 26. Rc2 Qe6 27. Qc1
h6 28. Kg1 Nf6 29. Bd4 a5 30. Nf4 Qf5 31. Rc7 Bd6 32. Bxf6 Qxf6 33. Nxd5 Qe6
34. Nf4 Qe8 35. Rc2 Qe4 36. Nd3 Re8 37. Qd2 h5 38. Ne1 Bf8 39. Nf3 g6 40. Qd3
Qe7 41. Qb5 Qe4 42. Rd2 Bg7 43. Qd3 Qe7 44. Kg2 Bc3 45. Rc2 Rd8 46. Qc4 Qd7 47.
Rc1 Re8 48. a3 Kg7 49. axb4 axb4 50. Rc2 Rc8 51. Qe4 Re8 52. Qc4 Rc8 53. Qe4
Re8 54. Qc4 Rh8 1/2-1/2

[Event "I Juegos Mundiales Sevilla 2006"]
[Site "Sevilla ESP"]
[Date "2006.07.02"]
[Round "8.2"]
[White "Korneev, Oleg"]
[Black "Franco Ocampos, Zenon"]
[Result "1-0"]
[WhiteElo "2671"]
[BlackElo "2530"]
[PlyCount "157"]
[EventDate "2006.07.01"]
[EventType "swiss (rapid)"]
[EventRounds "9"]
[EventCountry "ESP"]
[Source "lmi"]
[SourceDate "2006.07.03"]

1. e4 c5 2. Nf3 Nc6 3. d4 cxd4 4. Nxd4 e6 5. Nb5 d6 6. Bf4 e5 7. Be3 Nf6 8. Bg5
a6 9. Bxf6 gxf6 10. N5c3 f5 11. Qh5 Bg7 12. Bc4 O-O 13. exf5 Nd4 14. Bd3 Re8
15. O-O d5 16. f6 Bxf6 17. Qxh7+ Kf8 18. f3 Ke7 19. Qh6 Be6 20. Nd2 Qb6 21. Kh1
Nxc2 22. Nde4 dxe4 23. Nxe4 Nxa1 24. Qxf6+ Kd7 25. Qxe5 Qc7 26. Nf6+ Kc8 27.
Qxc7+ Kxc7 28. Nxe8+ Rxe8 29. Rxa1 Bxa2 30. Kg1 Rd8 31. Bxa6 Bb3 32. Rc1+ Kb6
33. Rc3 Rd1+ 34. Kf2 Rd2+ 35. Kg3 Rxb2 36. Bc4 Bxc4 37. Rxc4 Ka5 38. Rf4 b5 39.
Rxf7 b4 40. h4 b3 41. Rb7 Ka4 42. h5 Rc2 43. Kh3 b2 44. g4 Ka3 45. h6 Rc3 46.
Rxb2 Kxb2 47. h7 Rxf3+ 48. Kg2 Rf8 49. g5 Kc2 50. g6 Rf6 51. h8=Q Rxg6+ 52. Kf3
Rc6 53. Qe8 Rc3+ 54. Ke2 Rc4 55. Qb5 Kc3 56. Ke3 Rb4 57. Qc5+ Kb3 58. Kd3 Ka4
59. Kc3 Rb3+ 60. Kc2 Rb5 61. Qa7+ Kb4 62. Qa6 Ra5 63. Qd6+ Rc5+ 64. Kd3 Kb5 65.
Qb8+ Kc6 66. Kd4 Rd5+ 67. Kc4 Rc5+ 68. Kb4 Rd5 69. Qc8+ Kd6 70. Kc4 Re5 71.
Qd8+ Ke6 72. Kd4 Rf5 73. Qe8+ Kf6 74. Ke4 Rg5 75. Qf8+ Kg6 76. Kf4 Rh5 77. Qg8+
Kh6 78. Kg4 Rh4+ 79. Kf5 1-0

[Event "I Juegos Mundiales Sevilla 2006"]
[Site "Sevilla ESP"]
[Date "2006.07.02"]
[Round "8.3"]
[White "Dizdar, Goran"]
[Black "Damljanovic, Branko"]
[Result "0-1"]
[WhiteElo "2541"]
[BlackElo "2615"]
[PlyCount "100"]
[EventDate "2006.07.01"]
[EventType "swiss (rapid)"]
[EventRounds "9"]
[EventCountry "ESP"]
[Source "lmi"]
[SourceDate "2006.07.03"]

1. d4 d6 2. Nf3 Nf6 3. g3 g6 4. Bg2 Bg7 5. c4 O-O 6. Nc3 c5 7. O-O Nc6 8. d5
Na5 9. Nd2 e5 10. e4 Bd7 11. b3 a6 12. Bb2 b5 13. Ne2 h5 14. Nc1 h4 15. Nd3
hxg3 16. hxg3 Ng4 17. Qe2 Qg5 18. f4 exf4 19. gxf4 Qh5 20. Bf3 Bxb2 21. Nxb2
Kg7 22. Nd1 Rh8 23. Ne3 Qh2+ 24. Qxh2 Nxh2 25. Rf2 Nxf3+ 26. Nxf3 Rh3 27. Raf1
Rah8 28. Rh2 Rxh2 29. Nxh2 Re8 30. e5 dxe5 31. fxe5 Rxe5 32. Kf2 f5 33. Nf3 Re8
34. cxb5 axb5 35. Rc1 Nb7 36. b4 c4 37. Nd1 Nd6 38. Nc3 Kf6 39. Nd2 Rh8 40. Nf3
g5 41. Re1 g4 42. Ne5 Bc8 43. Ke3 Kxe5 44. Kd2+ Kf6 45. a4 Rh2+ 46. Ke3 Rh3+
47. Kd2 Rd3+ 48. Kc2 f4 49. Nxb5 Nxb5 50. axb5 f3 0-1

[Event "I Juegos Mundiales Sevilla 2006"]
[Site "Sevilla ESP"]
[Date "2006.07.02"]
[Round "8.5"]
[White "Epishin, Vladimir"]
[Black "Cifuentes Parada, Roberto"]
[Result "0-1"]
[WhiteElo "2565"]
[BlackElo "2494"]
[PlyCount "124"]
[EventDate "2006.07.01"]
[EventType "swiss (rapid)"]
[EventRounds "9"]
[EventCountry "ESP"]
[Source "lmi"]
[SourceDate "2006.07.03"]

1. d4 d5 2. c4 c6 3. Nf3 Nf6 4. e3 e6 5. Bd3 Nbd7 6. O-O Bd6 7. Nc3 O-O 8. e4
dxe4 9. Nxe4 Nxe4 10. Bxe4 h6 11. Re1 e5 12. Bc2 Bb4 13. Bd2 Bxd2 14. Qxd2 exd4
15. Qxd4 Qb6 16. Rad1 c5 17. Qc3 Nf6 18. Nh4 Bg4 19. f3 Be6 20. Bf5 Rfe8 21. b3
Rad8 22. Bxe6 Rxe6 23. Rxd8+ Qxd8 24. Nf5 Rxe1+ 25. Qxe1 Qd3 26. Ng3 h5 27. Kf2
h4 28. Ne2 b6 29. Qc3 Qf5 30. Qc1 g5 31. h3 Ne4+ 32. Ke1 Ng3 33. Nxg3 hxg3 34.
Qd2 Qe5+ 35. Kd1 Kg7 36. Kc2 f6 37. a4 Kg6 38. Qd3+ f5 39. Qd7 Qe2+ 40. Kc3
Qe1+ 41. Kc2 Qf2+ 42. Kd3 Qf1+ 43. Kd2 Qxg2+ 44. Kc1 Qf1+ 45. Kb2 Qxf3 46. Qe8+
Kf6 47. Qh8+ Kf7 48. Qh7+ Ke6 49. Qg6+ Ke5 50. Qxg5 g2 51. Ka3 Qf1 52. Qe3+ Kf6
53. Qh6+ Kf7 54. Qh7+ Ke6 55. Qh6+ Ke5 56. Qe3+ Kd6 57. Qh6+ Kc7 58. Qg7+ Kb8
59. Qh8+ Kb7 60. Qg7+ Ka6 61. Qh8 Qc1+ 62. Ka2 g1=Q 0-1

[Event "I Juegos Mundiales Sevilla 2006"]
[Site "Sevilla ESP"]
[Date "2006.07.02"]
[Round "9.2"]
[White "Damljanovic, Branko"]
[Black "Vera, Reynaldo"]
[Result "0-1"]
[WhiteElo "2615"]
[BlackElo "2516"]
[PlyCount "92"]
[EventDate "2006.07.01"]
[EventType "swiss (rapid)"]
[EventRounds "9"]
[EventCountry "ESP"]
[Source "lmi"]
[SourceDate "2006.07.03"]

1. c4 e6 2. Nf3 Nf6 3. g3 d5 4. b3 a5 5. Nc3 c6 6. Bg2 d4 7. Na4 c5 8. e3 Nc6
9. O-O Be7 10. Ba3 Nd7 11. exd4 cxd4 12. Bxe7 Qxe7 13. Re1 O-O 14. d3 Rb8 15.
Rc1 b6 16. Qd2 Bb7 17. Qb2 Rfd8 18. a3 Nc5 19. Rcd1 Ba8 20. Nxc5 bxc5 21. Rb1
a4 22. Qc2 axb3 23. Rxb3 Rxb3 24. Qxb3 Qa7 25. Ra1 Rb8 26. Qc2 h6 27. h3 Rb6
28. Nd2 Nb4 29. Qb1 Nd5 30. Qe1 Nc3 31. Bxa8 Qxa8 32. a4 Qa5 33. Ne4 Rb4 34. h4
Rxa4 35. Rxa4 Qxa4 36. Nxc5 Qc6 37. Nb3 Qf3 38. Nc1 Kf8 39. Qd2 e5 40. Kh2 f5
41. Kg1 Kg8 42. Qc2 e4 43. dxe4 fxe4 44. c5 e3 45. Nd3 Ne2+ 46. Kh2 exf2 0-1

[Event "I Juegos Mundiales Sevilla 2006"]
[Site "Sevilla ESP"]
[Date "2006.07.02"]
[Round "9.3"]
[White "Illescas Cordoba, Miguel"]
[Black "Matamoros Franco, Carlos S"]
[Result "1-0"]
[WhiteElo "2608"]
[BlackElo "2509"]
[PlyCount "51"]
[EventDate "2006.07.01"]
[EventType "swiss (rapid)"]
[EventRounds "9"]
[EventCountry "ESP"]
[Source "lmi"]
[SourceDate "2006.07.03"]

1. d4 Nf6 2. c4 g6 3. Nc3 Bg7 4. e4 d6 5. Be2 O-O 6. Nf3 e5 7. d5 a5 8. Bg5 Na6
9. Nd2 Bd7 10. a3 Qe8 11. b3 h6 12. Be3 Nh7 13. Rb1 f5 14. f3 f4 15. Bf2 h5 16.
b4 axb4 17. axb4 b6 18. h4 Bf6 19. Bd3 Qe7 20. Ke2 Ra7 21. Qb3 Kg7 22. Ra1 Rfa8
23. Ra2 Qd8 24. Qb2 Qe7 25. Qa1 c5 26. b5 1-0

[Event "I Juegos Mundiales Sevilla 2006"]
[Site "Sevilla ESP"]
[Date "2006.07.02"]
[Round "9.4"]
[White "Spraggett, Kevin"]
[Black "Strikovic, Aleksa"]
[Result "1-0"]
[WhiteElo "2578"]
[BlackElo "2501"]
[PlyCount "89"]
[EventDate "2006.07.01"]
[EventType "swiss (rapid)"]
[EventRounds "9"]
[EventCountry "ESP"]
[Source "lmi"]
[SourceDate "2006.07.03"]

1. e4 d6 2. d4 Nf6 3. Nc3 e5 4. Nge2 Nbd7 5. f3 h5 6. Be3 Be7 7. Qd2 c6 8. g3
a6 9. Bg2 b5 10. h3 Bb7 11. O-O g6 12. Rad1 Qc7 13. Bg5 b4 14. Nb1 exd4 15.
Nxd4 c5 16. Ne2 O-O 17. c4 Rfe8 18. Qf4 a5 19. a4 Kg7 20. Nd2 Nf8 21. Qe3 Ne6
22. Bh4 Ng8 23. Bxe7 Nxe7 24. f4 f5 25. g4 hxg4 26. hxg4 Kf7 27. Rde1 Bc6 28.
Ng3 Nd4 29. Nf3 fxg4 30. Ng5+ Kg8 31. Qd3 Kg7 32. b3 Qd7 33. Ne2 Nxe2+ 34. Rxe2
Rad8 35. Qc2 Nc8 36. f5 Re5 37. Ref2 Rde8 38. Qd3 gxf5 39. exf5 Kf6 40. Ne6 Rh8
41. Qg3 Bxg2 42. Rxg2 Qh7 43. Nf4 Ne7 44. Qxg4 Rxf5 45. Nd5+ 1-0

[Event "I Juegos Mundiales Sevilla 2006"]
[Site "Sevilla ESP"]
[Date "2006.07.02"]
[Round "9.5"]
[White "Cifuentes Parada, Roberto"]
[Black "Dizdar, Goran"]
[Result "1-0"]
[WhiteElo "2494"]
[BlackElo "2541"]
[PlyCount "43"]
[EventDate "2006.07.01"]
[EventType "swiss (rapid)"]
[EventRounds "9"]
[EventCountry "ESP"]
[Source "lmi"]
[SourceDate "2006.07.03"]

1. Nf3 Nf6 2. c4 e6 3. d4 d5 4. e3 Be7 5. Nbd2 O-O 6. b3 b6 7. Bd3 Bb7 8. O-O
c5 9. cxd5 exd5 10. Bb2 Na6 11. Ne5 Nc7 12. f4 Bd6 13. Rf3 cxd4 14. exd4 Ne6
15. Qe2 b5 16. Raf1 Qb6 17. Qe3 Rae8 18. Kh1 Re7 19. Rg3 h6 20. f5 Ng5 21. h4
Bxe5 22. dxe5 1-0